| 000 | 00408nam a22001697a 4500 | ||
|---|---|---|---|
| 003 | CEME | ||
| 005 | 20210628203608.0 | ||
| 008 | 210121b xxu||||| |||| 00| 0 eng d | ||
| 040 | _c. | ||
| 082 | _a809.38762 BRE | ||
| 100 |
_aBrecht, Bertolt _966457 |
||
| 245 | _aGalileo galili | ||
| 260 |
_aNEW DELHI _bCOSMO PUBLICATIONS _c2006 |
||
| 300 | _a155 P | ||
| 650 |
_aENGLISH DRAMA _93395 |
||
| 942 |
_cBK _2ddc |
||
| 999 |
_c574429 _d574429 |
||